Statistics for French Animal Words

Click here to take the quiz!

General Stats

  • This quiz has been taken 101,868 times
    (101,854 since last reset)
  • The average score is 14 of 20

Answer Stats

FrenchEnglish% Correct
chatcat
99%
chiendog
98%
dauphindolphin
92%
chevalhorse
92%
vachecow
91%
tortueturtle
86%
oiseaubird
83%
cochonpig
80%
moutonsheep
78%
sourismouse
75%
bufflebuffalo
69%
grenouillefrog
69%
chèvregoat
65%
araignéespider
62%
moustiquemosquito
61%
oursbear
58%
abeillebee
48%
agneaulamb
47%
requinshark
45%
paonpeacock
25%

Score Distribution

Percentile by Number Answered

Percent of People with Each Score

Your Score History

You have not taken this quiz since the last reset